000
00201nam a22000977a 4500
999
_c
15765
_d
15765
003
OSt
008
191015b ||||| |||| 00| 0 eng d
100
_a
Kesavdev,P.
_9
4298
245
_a
Kannadi
942
_c
BK